000 00612nam a22002297a 4500
003 LK-CoMWRAF
005 20231113151850.0
008 231015b1997 |||||||| |||| 00| 0 eng d
020 _a002637224x
040 _aLK-CoMWRAF
_dLK-CoMWRAF
_eLK-CoMWRAF
041 _aeng
082 _a640.73
_bLOW
100 _aLowe, Ross E.
245 _aConsumer Education and economics
250 _a4th ed.
260 _aNew York:
_bGlencoe,
_c1997
300 _axv. 592 p.
_bGlossary and index included
650 _aCONSUMER EDUCATION
700 _aMalouf, Charles A.
700 _aJacobson Annette R.
942 _cBK
999 _c3881
_d3881